新潟市の行政区 -(地図付き) - Statistics

General Stats
  • This quiz has been taken 221 times
  • The average score is 7 of 8
Answers on the Map
Answers color-coded by a green-red scale on the quiz's map according to % correct below.
 
Answer Stats
Ward % Correct
西区
99%
中央区
97%
東区
95%
南区
94%
北区
91%
秋葉区
72%
西蒲区
71%
江南区
49%
No matching quizzes found
Score Distribution
Percent of People with Each Score
Percentile by Number Answered
Your Score History
You have not taken this quiz